It looks like you're offline.
Open Library logo
additional options menu

MARC record from Internet Archive

LEADER: 01762cam 2200373 a 4500
001 14895819
005 20081112101248.0
008 070619s2008 nyu c 000 f eng
906 $a7$bcbc$corignew$d1$eecip$f20$gy-gencatlg
925 0 $aacquire$b2 shelf copies$xpolicy default
955 $alb24 2007-06-19$clb24 2007-06-19$dlb07 2007-07-19$elb07 2007-07-19 to CIP$aps10 2008-04-29 1 copy rec'd., to CIP ver.$fld11 2008-04-30 Z-CipVer$gld11 2008-04-30 to BCCD$ajf25 2008-08-19 copy 2 added
010 $a 2007023614
020 $a1416954171 (hardcover) :$c$15.99
020 $a9781416954170 (hardcover) :$c$15.99
035 $a(OCoLC)156891904
040 $aDLC$cDLC$dDLC
042 $alcac
050 00 $aPZ7.H1164$bFo 2008
082 00 $a[Fic]$222
100 1 $aHaddix, Margaret Peterson.
245 10 $aFound /$cMargaret Peterson Haddix.
250 $a1st ed.
260 $aNew York :$bSimon & Schuster Books for Young Readers,$cc2008.
300 $a314 p. ;$c22 cm.
490 1 $aThe missing ;$vbk. 1
586 8 $aA Junior Library Guild selection
521 8 $aAges 8-12.
520 $aWhen thirteen-year-olds Jonah and Chip, who are both adopted, learn they were discovered on a plane that appeared out of nowhere, full of babies with no adults on board, they realize that they have uncovered a mystery involving time travel and two opposing forces, each trying to repair the fabric of time.
650 1 $aAdoption$vFiction.
650 1 $aTime travel$vFiction.
650 1 $aScience fiction.
800 1 $aHaddix, Margaret Peterson.$tMissing ;$vbk. 1.
856 42 $3Publisher description$uhttp://www.loc.gov/catdir/enhancements/fy0810/2007023614-d.html
856 41 $3Sample text$uhttp://www.loc.gov/catdir/enhancements/fy0826/2007023614-s.html